[Event "ISR-chT"]
[Site "Israel"]
[Date "2023.01.20"]
[Round "3.4"]
[White "Zaslavsky, Michael"]
[Black "Rozentalis, Eduardas"]
[Result "0-1"]
[WhiteElo "2430"]
[BlackElo "2507"]
[PlyCount "80"]
[EventDate "2023.01.11"]
[EventType "team-tourn"]
[EventRounds "11"]
[EventCountry "ISR"]
[SourceTitle "CBM 212 Extra"]
[Source "ChessBase"]
[SourceDate "2023.03.31"]
[SourceVersion "1"]
[SourceVersionDate "2023.03.31"]
[SourceQuality "1"]
[WhiteTeam "Ashdod II"]
[BlackTeam "Kfar Saba"]
[WhiteTeamCountry "ISR"]
[BlackTeamCountry "ISR"]

1. b3 e5 2. Bb2 d6 3. e3 Nf6 4. d4 Nbd7 5. c4 c6 6. Nc3 Be7 7. Be2 0-0 8. Nf3 e4 9. Nd2 d5 10. f3 exf3 11. Bxf3 Bb4 12. 0-0 Re8 13. Re1 Nf8 14. e4 dxe4 15. Ndxe4 Bf5 16. Re2 Ne6 17. a3 Bf8 18. Nxf6+ Qxf6 19. Ne4 Bxe4 20. Bxe4 Rad8 21. Qe1 Nxd4 22. Bxh7+ Kxh7 23. Rxe8 Rxe8 24. Qxe8 Nf3+ 25. Kh1 Qxb2 26. Rf1 Qe5 27. Qxe5 Nxe5 28. b4 b6 29. Rc1 Kg6 30. h3 Kf5 31. g4+ Ke4 32. Kg2 Be7 33. Kg3 g5 34. Rf1 Kd4 35. Rf5 Kxc4 36. h4 gxh4+ 37. Kh3 Kd5 38. Rh5 c5 39. bxc5 bxc5 40. g5 Ng6 0-1

[Event "ISR-chT"]
[Site "Israel"]
[Date "2023.01.13"]
[Round "2.3"]
[White "Zaslavsky, Michael"]
[Black "Aharon, Ofir"]
[Result "0-1"]
[WhiteElo "2430"]
[BlackElo "2256"]
[PlyCount "96"]
[EventDate "2023.01.11"]
[EventType "team-tourn"]
[EventRounds "11"]
[EventCountry "ISR"]
[SourceTitle "CBM 212 Extra"]
[Source "ChessBase"]
[SourceDate "2023.03.31"]
[SourceVersion "1"]
[SourceVersionDate "2023.03.31"]
[SourceQuality "1"]
[WhiteTeam "Ashdod II"]
[BlackTeam "Haifa Nesher"]
[WhiteTeamCountry "ISR"]
[BlackTeamCountry "ISR"]

1. b3 e5 2. Bb2 Nc6 3. e3 g6 4. Nf3 Bg7 5. c4 Nge7 6. d4 exd4 7. Nxd4 0-0 8. Be2 a5 9. Nxc6 Nxc6 10. Bxg7 Kxg7 11. Nc3 d6 12. h4 h5 13. Rc1 Re8 14. g4 Bxg4 15. Bxg4 hxg4 16. Qxg4 Ne5 17. Qe2 Rh8 18. h5 Rxh5 19. Rxh5 gxh5 20. Nd5 c6 21. Nf4 h4 22. Qh5 Qf6 23. Qd1 Rh8 24. Ke2 Ng6 25. Nxg6 fxg6 26. c5 d5 27. Qd2 h3 28. Qxa5 Re8 29. Qb4 d4 30. Rd1 dxe3 31. fxe3 Rf8 32. Qxb7+ Kh6 33. Qd7 Qf2+ 34. Kd3 Qf5+ 35. Qxf5 Rxf5 36. Rh1 Rh5 37. b4 Kg5 38. b5 cxb5 39. c6 Kh4 40. Kd4 Rh8 41. c7 Rc8 42. Rc1 g5 43. e4 g4 44. Ke3 g3 45. e5 h2 46. Kf3 Rxc7 47. Rxc7 h1Q+ 48. Kf4 Qf1+ 0-1

[Event "Fuengirola Uni rapid op"]
[Site "Fuengirola"]
[Date "2017.09.23"]
[Round "9"]
[White "Martins, David Pires Tavares"]
[Black "Zaslavsky, Michael"]
[Result "0-1"]
[WhiteElo "2384"]
[BlackElo "2411"]
[PlyCount "104"]
[EventDate "2017.09.21"]
[EventType "swiss (rapid)"]
[EventRounds "9"]
[EventCountry "ESP"]
[SourceTitle "CBM 180 Extra"]
[Source "ChessBase"]
[SourceDate "2017.10.06"]
[SourceVersion "1"]
[SourceVersionDate "2017.10.06"]
[SourceQuality "1"]

1. Nf3 c5 2. c4 b6 3. g3 Bb7 4. Bg2 g6 5. 0-0 Bg7 6. Nc3 Nf6 7. a3 0-0 8. Rb1 d6 9. b4 Nc6 10. d3 Qd7 11. Bg5 h6 12. Bd2 Kh7 13. Qc1 Rab8 14. Nd5 Nxd5 15. cxd5 Nd4 16. Nxd4 cxd4 17. Qb2 Rfc8 18. Qb3 b5 19. e3 e6 20. exd4 Bxd4 21. Rbc1 Rxc1 22. Rxc1 exd5 23. Be3 Bxe3 24. fxe3 d4 25. Rf1 Kg8 26. Bxb7 Qxb7 27. e4 Rc8 28. Qb2 Rc3 29. Rd1 Qc8 30. Qf2 Rc2 31. Qf1 Kg7 32. Re1 Qc3 33. Rd1 Ra2 34. Qf3 Ra1 35. Rf1 Rxf1+ 36. Qxf1 Qxa3 37. Qb1 Qc3 38. h4 h5 39. Kg2 Kf6 40. Kh3 Qc8+ 41. Kh2 Qc3 42. Kh3 Kg7 43. Kh2 a5 44. bxa5 Qxa5 45. Qb3 b4 46. Kh3 Qc5 47. Qa2 Qc8+ 48. Kh2 Qc3 49. Qa6 b3 50. Qxd6 b2 51. Qe5+ Kh7 52. Qe7 Qb3 0-1

[Event "Fuengirola Uni rapid op"]
[Site "Fuengirola"]
[Date "2017.09.23"]
[Round "8"]
[White "Zaslavsky, Michael"]
[Black "Burcu, Cagatay"]
[Result "1-0"]
[WhiteElo "2411"]
[BlackElo "2283"]
[PlyCount "54"]
[EventDate "2017.09.21"]
[EventType "swiss (rapid)"]
[EventRounds "9"]
[EventCountry "ESP"]
[SourceTitle "CBM 180 Extra"]
[Source "ChessBase"]
[SourceDate "2017.10.06"]
[SourceVersion "1"]
[SourceVersionDate "2017.10.06"]
[SourceQuality "1"]

1. f4 Nh6 2. b3 d5 3. Nf3 Nc6 4. Bb2 Bg4 5. e3 e6 6. Bb5 Nf5 7. 0-0 Bc5 8. Qe1 Bxf3 9. Rxf3 d4 10. e4 d3+ 11. Kh1 dxc2 12. exf5 cxb1Q 13. Rxb1 Qd5 14. fxe6 Qxe6 15. d4 Be7 16. Re3 Qd6 17. d5 a6 18. dxc6 axb5 19. Rd1 0-0-0 20. Rxd6 Bxd6 21. cxb7+ Kxb7 22. Bxg7 Bxf4 23. Bxh8 Bxe3 24. Qxe3 Rd1+ 25. Qg1 Rxg1+ 26. Kxg1 Kc6 27. Be5 Kd5 1-0

[Event "Fuengirola Uni rapid op"]
[Site "Fuengirola"]
[Date "2017.09.22"]
[Round "6"]
[White "Nenezic, Marko"]
[Black "Zaslavsky, Michael"]
[Result "1-0"]
[WhiteElo "2490"]
[BlackElo "2411"]
[PlyCount "131"]
[EventDate "2017.09.21"]
[EventType "swiss (rapid)"]
[EventRounds "9"]
[EventCountry "ESP"]
[SourceTitle "CBM 180 Extra"]
[Source "ChessBase"]
[SourceDate "2017.10.06"]
[SourceVersion "1"]
[SourceVersionDate "2017.10.06"]
[SourceQuality "1"]

1. Nf3 Nf6 2. c4 b6 3. g3 Bb7 4. Bg2 g6 5. 0-0 Bg7 6. d4 0-0 7. d5 e6 8. Nc3 exd5 9. cxd5 Re8 10. Nd4 Na6 11. e4 c6 12. Nb3 cxd5 13. exd5 d6 14. Bf4 Qd7 15. Qd2 Nc7 16. Rfd1 Rac8 17. h3 Nh5 18. Bh6 f5 19. Bxg7 Qxg7 20. a4 a6 21. Rac1 Nf6 22. Qf4 Qf8 23. a5 b5 24. Qd4 Ba8 25. Kh2 Qf7 26. Kg1 Nd7 27. Na2 Ne5 28. Nb4 Nc4 29. Nd2 Nxd2 30. Qxd2 Qf6 31. Rc3 Bb7 32. Rdc1 Na8 33. Rxc8 Rxc8 34. Rxc8+ Bxc8 35. Qe3 Qf7 36. Qd4 Qg7 37. Qf4 Qf6 38. Qe3 Qf7 39. b3 Kf8 40. Nc6 Bb7 41. Nd8 Qd7 42. Qh6+ Kg8 43. Ne6 Qe7 44. Qc1 Kf7 45. h4 Qf6 46. Bf3 Qe7 47. h5 Kg8 48. Qc3 Qf7 49. h6 Qe7 50. b4 Qf7 51. Kg2 Qe7 52. Qd4 Nc7 53. Nxc7 Qxc7 54. Qf6 Bc8 55. Be2 Qd7 56. Bd3 Bb7 57. Kg1 Bxd5 58. Qd4 Be6 59. Qb6 Qc8 60. Qxd6 Qd7 61. Qe5 Bc4 62. Bxc4+ bxc4 63. b5 axb5 64. a6 c3 65. a7 Qxa7 66. Qe8# 1-0

[Event "Fuengirola Uni rapid op"]
[Site "Fuengirola"]
[Date "2017.09.22"]
[Round "5"]
[White "Zaslavsky, Michael"]
[Black "Ponkratov, Pavel"]
[Result "1-0"]
[WhiteElo "2411"]
[BlackElo "2591"]
[PlyCount "79"]
[EventDate "2017.09.21"]
[EventType "swiss (rapid)"]
[EventRounds "9"]
[EventCountry "ESP"]
[SourceTitle "CBM 180 Extra"]
[Source "ChessBase"]
[SourceDate "2017.10.06"]
[SourceVersion "1"]
[SourceVersionDate "2017.10.06"]
[SourceQuality "1"]

1. f4 d6 2. Nf3 Nf6 3. e3 Nbd7 4. d4 c5 5. d5 g6 6. c4 b5 7. cxb5 a6 8. bxa6 Bg7 9. Nc3 0-0 10. Be2 Bxa6 11. 0-0 Qa5 12. Bd2 Rfb8 13. Bxa6 Qxa6 14. Qc2 Qb7 15. Qb3 Qxb3 16. axb3 Rxa1 17. Rxa1 Rxb3 18. Ra8+ Bf8 19. Bc1 Nb6 20. Rb8 Rb4 21. e4 Kg7 22. Nd2 Nfd7 23. Rb7 c4 24. Ra7 f5 25. Na2 Rb5 26. Nc3 Rc5 27. exf5 gxf5 28. Nf3 Rc8 29. Be3 Rb8 30. Nd4 Kf6 31. Nc6 Rc8 32. Rb7 Nxd5 33. Nxd5+ Ke6 34. Nc7+ Kf7 35. Na7 Rd8 36. Nc6 Rc8 37. Na5 Nf6 38. Nxc4 Kg6 39. Nb6 Rd8 40. Ne6 1-0

[Event "Pardubice Czech op-A 23rd"]
[Site "Pardubice"]
[Date "2012.07.27"]
[Round "8"]
[White "Stocek, Jiri"]
[Black "Zaslavsky, Michael"]
[Result "1-0"]
[WhiteElo "2573"]
[BlackElo "2441"]
[PlyCount "107"]
[EventDate "2012.07.12"]
[EventType "swiss"]
[EventRounds "9"]
[EventCountry "CZE"]
[SourceTitle "CBM 149 Extra"]
[Source "ChessBase"]
[SourceDate "2012.08.24"]
[SourceVersion "1"]
[SourceVersionDate "2012.08.24"]
[SourceQuality "1"]

1. d4 d5 2. c4 dxc4 3. e4 e5 4. Nf3 Bb4+ 5. Bd2 Bxd2+ 6. Qxd2 exd4 7. Qxd4 Qxd4 8. Nxd4 Bd7 9. Bxc4 Nc6 10. Nxc6 Bxc6 11. Nc3 Ne7 12. 0-0-0 0-0 13. Rd2 a6 14. Rhd1 Rfe8 15. f3 Kf8 16. Bb3 Rec8 17. e5 Ng6 18. f4 Re8 19. g3 Rac8 20. Nd5 Red8 21. Ne3 Rxd2 22. Rxd2 Re8 23. h4 Ne7 24. h5 f6 25. g4 Nc8 26. Rf2 g6 27. g5 f5 28. Rh2 Kg7 29. h6+ Kf8 30. Bd5 Rd8 31. Rd2 Nb6 32. Bxc6 Rxd2 33. Kxd2 bxc6 34. Kc3 Nd5+ 35. Nxd5 cxd5 36. Kd4 c6 37. b4 Ke7 38. a4 Ke6 39. Kc5 Kd7 40. b5 axb5 41. axb5 cxb5 42. Kxd5 b4 43. Kc4 Kc6 44. Kxb4 Kb6 45. Kc4 Kc6 46. Kd4 Kd7 47. Kc5 Ke7 48. Kb6 Kf7 49. Kb7 Kf8 50. Kc6 Ke7 51. Kc7 Ke8 52. Kd6 Kf7 53. e6+ Kf8 54. Kd7 1-0

[Event "Pardubice Czech op-A 23rd"]
[Site "Pardubice"]
[Date "2012.07.26"]
[Round "7"]
[White "Zaslavsky, Michael"]
[Black "Petr, Martin"]
[Result "1/2-1/2"]
[WhiteElo "2441"]
[BlackElo "2525"]
[PlyCount "52"]
[EventDate "2012.07.12"]
[EventType "swiss"]
[EventRounds "9"]
[EventCountry "CZE"]
[SourceTitle "CBM 149 Extra"]
[Source "ChessBase"]
[SourceDate "2012.08.24"]
[SourceVersion "1"]
[SourceVersionDate "2012.08.24"]
[SourceQuality "1"]

1. e4 e6 2. d4 d5 3. Nd2 c5 4. exd5 Qxd5 5. Ngf3 cxd4 6. Bc4 Qd6 7. 0-0 Nf6 8. Nb3 Nc6 9. Nbxd4 Nxd4 10. Nxd4 a6 11. c3 Qc7 12. Bb3 Bd6 13. h3 Bd7 14. Qf3 0-0-0 15. Bg5 Qc5 16. Be3 Qe5 17. g3 Qe4 18. Qxe4 Nxe4 19. Bc2 Nf6 20. c4 Kb8 21. Rfd1 Bc8 22. Nf3 e5 23. Ng5 Rhf8 24. c5 Bc7 25. Rxd8 Bxd8 26. Bb3 Bc7 1/2-1/2

[Event "Pardubice Czech op-A 23rd"]
[Site "Pardubice"]
[Date "2012.07.25"]
[Round "6"]
[White "Zaslavsky, Michael"]
[Black "Harika, Dronavalli"]
[Result "1-0"]
[WhiteElo "2441"]
[BlackElo "2499"]
[PlyCount "119"]
[EventDate "2012.07.12"]
[EventType "swiss"]
[EventRounds "9"]
[EventCountry "CZE"]
[SourceTitle "CBM 149 Extra"]
[Source "ChessBase"]
[SourceDate "2012.08.24"]
[SourceVersion "1"]
[SourceVersionDate "2012.08.24"]
[SourceQuality "1"]

1. f4 g6 2. Nf3 Bg7 3. e3 c5 4. d4 Nf6 5. Bd3 Nc6 6. 0-0 0-0 7. c3 d6 8. Na3 e5 9. dxe5 dxe5 10. e4 exf4 11. Bxf4 Ng4 12. Bc4 Be6 13. Bxe6 fxe6 14. Ng5 Qxd1 15. Raxd1 e5 16. Bc1 Rxf1+ 17. Rxf1 Rf8 18. Re1 Nd8 19. Nf3 Nf7 20. h3 Nf6 21. Nc4 Rd8 22. a4 Nd6 23. Nxd6 Rxd6 24. Nxe5 Re6 25. Ng4 Nxe4 26. Nf2 Ng5 27. Kf1 Rxe1+ 28. Kxe1 Ne6 29. Ne4 Bf8 30. Ke2 a6 31. a5 Nd8 32. Bf4 Nc6 33. Bc7 Kf7 34. Kd3 Ke6 35. Kc4 Kd7 36. Bb6 Ke6 37. Nxc5+ Bxc5 38. Kxc5 h5 39. b4 Ne5 40. Bc7 Nd7+ 41. Kd4 g5 42. c4 Nf8 43. Ke4 Ng6 44. b5 g4 45. Bg3 gxh3 46. gxh3 Ne7 47. Bf2 Ng8 48. Kf4 Nh6 49. c5 Kd7 50. c6+ bxc6 51. bxa6 Kc8 52. Kg5 Nf7+ 53. Kxh5 Nd6 54. Kg6 Ne4 55. Be3 Nc3 56. h4 Nd5 57. h5 Ne7+ 58. Kf7 Nf5 59. Bf4 c5 60. Kf6 1-0

[Event "Pardubice Czech op-A 23rd"]
[Site "Pardubice"]
[Date "2012.07.22"]
[Round "3"]
[White "Hasangatin, Ramil"]
[Black "Zaslavsky, Michael"]
[Result "0-1"]
[WhiteElo "2504"]
[BlackElo "2441"]
[PlyCount "76"]
[EventDate "2012.07.12"]
[EventType "swiss"]
[EventRounds "9"]
[EventCountry "CZE"]
[SourceTitle "CBM 149 Extra"]
[Source "ChessBase"]
[SourceDate "2012.08.24"]
[SourceVersion "1"]
[SourceVersionDate "2012.08.24"]
[SourceQuality "1"]

1. e4 e5 2. Nf3 Nc6 3. Bb5 a6 4. Ba4 Nf6 5. Bxc6 dxc6 6. d3 Bd6 7. Nbd2 Be6 8. d4 Nd7 9. c3 0-0 10. 0-0 f6 11. Re1 Qe8 12. Nf1 Rd8 13. Ng3 exd4 14. cxd4 Qf7 15. b3 Ne5 16. dxe5 Bxe5 17. Bd2 Bxa1 18. Qxa1 Rd3 19. Be3 Rfd8 20. h3 Qd7 21. Kh2 b6 22. Qb2 c5 23. Nh5 Rd1 24. Rxd1 Qxd1 25. Nxf6+ gxf6 26. Qxf6 Re8 27. Qg5+ Kf8 28. Qf4+ Bf7 29. Qxc7 Re6 30. Bf4 h6 31. Ne5 Be8 32. Qh7 Qh5 33. Ng4 Qf7 34. Bxh6+ Ke7 35. Bg5+ Kd6 36. Bf4+ Qxf4+ 37. g3 Qxe4 38. Qh8 Kc7 0-1

[Event "EU-ch 13th"]
[Site "Plovdiv"]
[Date "2012.03.29"]
[Round "9"]
[White "Ali Marandi, Cemil Can"]
[Black "Zaslavsky, Michael"]
[Result "1/2-1/2"]
[WhiteElo "2315"]
[BlackElo "2450"]
[PlyCount "97"]
[EventDate "2012.03.20"]
[EventType "swiss"]
[EventRounds "11"]
[EventCountry "BUL"]
[SourceTitle "CBM 148"]
[Source "ChessBase"]
[SourceDate "2012.05.16"]
[SourceVersion "1"]
[SourceVersionDate "2012.05.16"]
[SourceQuality "1"]

1. e4 e5 2. Nf3 Nc6 3. Bb5 a6 4. Ba4 Nf6 5. 0-0 Bc5 6. c3 0-0 7. d4 Ba7 8. Bg5 h6 9. Bh4 exd4 10. cxd4 b5 11. Bb3 g5 12. Nxg5 hxg5 13. Bxg5 Bxd4 14. Nc3 Qe8 15. Nd5 Nh7 16. Bh6 Qe5 17. Qg4+ Kh8 18. Bxf8 Nxf8 19. Kh1 d6 20. Qe2 Qg7 21. Rac1 Bd7 22. Nxc7 Ra7 23. Nd5 Ne6 24. Rcd1 Nc5 25. Bc2 Bxb2 26. Qh5+ Kg8 27. Qh4 Kf8 28. f4 Qh8 29. Qg3 Qg7 30. Qe1 Bg4 31. Rd2 Be6 32. Rf3 Bxd5 33. Rxd5 Nd4 34. Qh4 Nde6 35. e5 Ke8 36. Rg3 Qf8 37. exd6 Kd7 38. f5 Kc6 39. Be4 Nxe4 40. Qxe4 Nc5 41. Qf3 Bf6 42. Rg4 Rd7 43. Rb4 Rxd6 44. Rxd6+ Kxd6 45. Rb1 Kc7 46. Rd1 Qe7 47. Qd5 Kb6 48. Qd6+ Ka5 49. Qd2+ 1/2-1/2

[Event "EU-ch 13th"]
[Site "Plovdiv"]
[Date "2012.03.25"]
[Round "6"]
[White "Zaslavsky, Michael"]
[Black "Antal, Tibor Kende"]
[Result "1/2-1/2"]
[WhiteElo "2450"]
[BlackElo "2352"]
[PlyCount "131"]
[EventDate "2012.03.20"]
[EventType "swiss"]
[EventRounds "11"]
[EventCountry "BUL"]
[SourceTitle "CBM 148"]
[Source "ChessBase"]
[SourceDate "2012.05.16"]
[SourceVersion "1"]
[SourceVersionDate "2012.05.16"]
[SourceQuality "1"]

1. c4 e6 2. Nc3 d5 3. cxd5 exd5 4. d4 Nf6 5. Nf3 c6 6. Bg5 Be7 7. e3 h6 8. Bh4 Bf5 9. Be2 0-0 10. 0-0 Ne4 11. Nxe4 Bxe4 12. Bg3 Nd7 13. Rc1 Qb6 14. Nd2 Nf6 15. Nxe4 Nxe4 16. Qc2 Rac8 17. Bd3 Nxg3 18. hxg3 c5 19. Bh7+ Kh8 20. Bf5 Rc6 21. dxc5 Bxc5 22. Qe2 d4 23. exd4 Bxd4 24. Rxc6 Qxc6 25. Bb1 Qb6 26. b3 g6 27. Kh2 Kg7 28. f4 Bf6 29. Rd1 Rd8 30. Be4 Rxd1 31. Qxd1 Qf2 32. Qc2 Qe1 33. Qb1 Qe2 34. Bf3 Qf2 35. Bxb7 Bd4 36. Bf3 h5 37. Kh3 h4 38. Kxh4 g5+ 39. Kg4 gxf4 40. gxf4 Bf6 41. g3 Qd2 42. Kh3 Qf2 43. Bd5 Qe2 44. Qf5 Qf1+ 45. Bg2 Qf2 46. Qd7 Qc2 47. Qg4+ Kf8 48. Qh5 Qc8+ 49. g4 Qc3+ 50. Kh2 Qe3 51. Qh6+ Ke7 52. b4 a6 53. a4 Qd4 54. b5 axb5 55. axb5 Qb4 56. Bc6 Qd2+ 57. Kg3 Qe3+ 58. Bf3 Qg1+ 59. Bg2 Qe1+ 60. Kh3 Qc3+ 61. Kh2 Qb4 62. b6 Qxb6 63. Qh7 Qe3 64. Qf5 Bh4 65. Qe4+ Qxe4 66. Bxe4 1/2-1/2

[Event "EU-ch 13th"]
[Site "Plovdiv"]
[Date "2012.03.24"]
[Round "5"]
[White "Schneider, Veronika"]
[Black "Zaslavsky, Michael"]
[Result "1/2-1/2"]
[WhiteElo "2312"]
[BlackElo "2450"]
[PlyCount "80"]
[EventDate "2012.03.20"]
[EventType "swiss"]
[EventRounds "11"]
[EventCountry "BUL"]
[SourceTitle "CBM 148"]
[Source "ChessBase"]
[SourceDate "2012.05.16"]
[SourceVersion "1"]
[SourceVersionDate "2012.05.16"]
[SourceQuality "1"]

1. e4 e5 2. Nf3 Nc6 3. d4 exd4 4. Nxd4 Nf6 5. Nc3 Bb4 6. Nxc6 bxc6 7. Bd3 0-0 8. 0-0 Qe7 9. Qf3 d6 10. h3 Re8 11. Bg5 h6 12. Bxf6 Qxf6 13. Qxf6 gxf6 14. Na4 Bd7 15. c3 Ba5 16. b4 Bb6 17. Nxb6 axb6 18. a4 Ra7 19. Ra3 c5 20. Rfa1 cxb4 21. cxb4 c5 22. bxc5 dxc5 23. Rb1 Re6 24. Bb5 Bxb5 25. Rxb5 Ra5 26. f3 Rd6 27. Rxa5 bxa5 28. Rc3 Rd4 29. Rxc5 Rxa4 30. Rc8+ Kg7 31. Ra8 h5 32. h4 Ra2 33. Kh2 Ra3 34. Kg3 Ra2 35. Kf4 Rxg2 36. Rxa5 Kg6 37. Ra6 Kg7 38. Ra5 Kg6 39. Ra6 Kg7 40. Ra5 Kg6 1/2-1/2

[Event "EU-ch 13th"]
[Site "Plovdiv"]
[Date "2012.03.22"]
[Round "3"]
[White "Arnaudov, Petar"]
[Black "Zaslavsky, Michael"]
[Result "0-1"]
[WhiteElo "2149"]
[BlackElo "2450"]
[PlyCount "44"]
[EventDate "2012.03.20"]
[EventType "swiss"]
[EventRounds "11"]
[EventCountry "BUL"]
[SourceTitle "CBM 148"]
[Source "ChessBase"]
[SourceDate "2012.05.16"]
[SourceVersion "1"]
[SourceVersionDate "2012.05.16"]
[SourceQuality "1"]

1. e4 e5 2. f4 exf4 3. Nc3 Qh4+ 4. Ke2 Qe7 5. d4 Nf6 6. Nf3 Nxe4 7. Nxe4 d5 8. Bxf4 dxe4 9. Kf2 exf3 10. Bb5+ c6 11. Re1 Be6 12. d5 Qh4+ 13. Bg3 Bc5+ 14. Kf1 Qb4 15. Bd3 cxd5 16. Qxf3 0-0 17. Qh5 g6 18. Qh6 Qd4 19. Re5 Qg1+ 20. Ke2 Bg4+ 21. Kd2 Qxa1 22. Kc3 Nc6 0-1

[Event "ISR-chT 1112"]
[Site "Israel"]
[Date "2011.12.16"]
[Round "1.2"]
[White "Zaslavsky, Michael"]
[Black "Gladyszev, Oleg"]
[Result "1/2-1/2"]
[WhiteElo "2433"]
[BlackElo "2469"]
[PlyCount "60"]
[EventDate "2011.12.16"]
[EventType "team-tourn"]
[EventRounds "11"]
[EventCountry "ISR"]
[SourceTitle "EXT 2013"]
[Source "ChessBase"]
[SourceDate "2012.11.22"]
[SourceVersion "1"]
[SourceVersionDate "2012.11.22"]
[SourceQuality "1"]

1. e4 c5 2. Nf3 Nc6 3. d4 cxd4 4. Nxd4 Nf6 5. Nc3 e5 6. Ndb5 d6 7. Bg5 a6 8. Na3 b5 9. Nd5 Be7 10. Bxf6 Bxf6 11. c4 b4 12. Nc2 0-0 13. Be2 a5 14. 0-0 Bg5 15. b3 Be6 16. a3 bxa3 17. Rxa3 Bxd5 18. Qxd5 Qb6 19. Rfa1 Rab8 20. g3 Bd8 21. Bg4 Nb4 22. Nxb4 Qxb4 23. Ra4 Qc5 24. Qxc5 dxc5 25. R4a3 Bc7 26. Rd1 Rfd8 27. Bd7 Kf8 28. Rd5 Ke7 29. Bc6 Rxd5 30. Bxd5 g6 1/2-1/2

[Event "Bansko op"]
[Site "Bansko"]
[Date "2010.12.15"]
[Round "4"]
[White "Zaslavsky, Michael"]
[Black "Videnova, Iva"]
[Result "1-0"]
[WhiteElo "2424"]
[BlackElo "2269"]
[PlyCount "85"]
[EventDate "2010.12.13"]
[EventType "swiss"]
[EventRounds "9"]
[EventCountry "BUL"]
[SourceTitle "CBM 139 Extra"]
[Source "ChessBase"]
[SourceDate "2011.01.05"]
[SourceVersion "1"]
[SourceVersionDate "2011.01.05"]
[SourceQuality "1"]

1. Nf3 c5 2. g3 g6 3. Bg2 Bg7 4. 0-0 Nc6 5. c4 d6 6. Nc3 e6 7. e3 Nge7 8. d4 0-0 9. Re1 Rb8 10. Qd2 Nf5 11. d5 Na5 12. Qd3 e5 13. Bd2 b6 14. b3 a6 15. Rab1 Nb7 16. a3 h6 17. b4 Bd7 18. h3 Ne7 19. e4 f5 20. exf5 Nxf5 21. Ne4 Nd4 22. Nxd4 cxd4 23. g4 Rc8 24. Rbc1 Be8 25. g5 Kh7 26. h4 Bd7 27. Ng3 hxg5 28. hxg5 Qe8 29. Re4 b5 30. Rh4+ Kg8 31. Be4 bxc4 32. Rxc4 Qf7 33. f4 Rxc4 34. Qxc4 Bf5 35. Qd3 Bxe4 36. Qxe4 Re8 37. f5 gxf5 38. Nxf5 Rf8 39. Rf4 exf4 40. Ne7+ Qxe7 41. Qxe7 Nd8 42. g6 d3 43. Kf1 1-0

[Event "Bansko op"]
[Site "Bansko"]
[Date "2010.12.14"]
[Round "2"]
[White "Zaslavsky, Michael"]
[Black "Yakimenko, Alexander A"]
[Result "1-0"]
[WhiteElo "2424"]
[BlackElo "2194"]
[PlyCount "109"]
[EventDate "2010.12.13"]
[EventType "swiss"]
[EventRounds "9"]
[EventCountry "BUL"]
[SourceTitle "CBM 139 Extra"]
[Source "ChessBase"]
[SourceDate "2011.01.05"]
[SourceVersion "1"]
[SourceVersionDate "2011.01.05"]
[SourceQuality "1"]

1. e4 e6 2. d4 d5 3. Nd2 Nc6 4. Ngf3 Nf6 5. e5 Nd7 6. Nb3 a5 7. a4 Be7 8. Bb5 Nb4 9. c3 c6 10. cxb4 Bxb4+ 11. Bd2 cxb5 12. axb5 Bxd2+ 13. Qxd2 b6 14. 0-0 0-0 15. Rfc1 Nb8 16. Qd3 Bd7 17. Nbd2 h6 18. Nb1 Ra7 19. Nc3 Qe7 20. Rc2 Rd8 21. Nd2 Be8 22. Ndb1 Rc7 23. Na3 Rdc8 24. Rac1 Qd8 25. f4 Nd7 26. Rf1 Nf8 27. f5 exf5 28. Qxf5 Ne6 29. Rd2 Rxc3 30. bxc3 Rxc3 31. Rd3 Qc7 32. Rfd1 Bd7 33. Qf1 Nxd4 34. Rxd4 Rxa3 35. Rxd5 Be6 36. Rc1 Rc3 37. Rxc3 Qxc3 38. Rd8+ Kh7 39. Qd3+ Qxd3 40. Rxd3 Bc4 41. Rd6 Bxb5 42. Rxb6 Bc4 43. Rc6 Bb3 44. Kf2 a4 45. Ra6 h5 46. Kg3 Kg8 47. Kh4 g6 48. Kg5 Kg7 49. Ra7 Kh7 50. Kf6 Kg8 51. g3 Kh7 52. Ra8 a3 53. Rxa3 Be6 54. Ra8 Bd5 55. Rf8 1-0

[Event "ISR-ch"]
[Site "Haifa"]
[Date "2010.11.14"]
[Round "5.4"]
[White "Zilberman, Yaacov"]
[Black "Zaslavsky, Michael"]
[Result "1/2-1/2"]
[WhiteElo "2481"]
[BlackElo "2424"]
[PlyCount "53"]
[EventDate "2010.11.08"]
[EventType "swiss"]
[EventRounds "9"]
[EventCountry "ISR"]
[SourceTitle "EXT 2011"]
[Source "ChessBase"]
[SourceDate "2010.11.26"]
[SourceVersion "1"]
[SourceVersionDate "2010.11.26"]
[SourceQuality "1"]

1. d4 Nf6 2. c4 g6 3. Nc3 d5 4. Nf3 Bg7 5. Bg5 Ne4 6. cxd5 Nxg5 7. Nxg5 e6 8. Qd2 h6 9. Nh3 exd5 10. Nf4 0-0 11. e3 c5 12. dxc5 d4 13. exd4 Re8+ 14. Be2 Bxd4 15. Rd1 Nc6 16. Nd3 Bg4 17. Nc1 Bxe2 18. N3xe2 Bxc5 19. 0-0 Qh4 20. g3 Qf6 21. Qc3 Qxc3 22. Nxc3 Rad8 23. Kg2 Bd4 24. N1e2 Bxc3 25. Nxc3 Kg7 26. Rxd8 Rxd8 27. Rd1 1/2-1/2

[Event "ISR-ch"]
[Site "Haifa"]
[Date "2010.11.10"]
[Round "3.7"]
[White "Shevelev, Arkady"]
[Black "Zaslavsky, Michael"]
[Result "0-1"]
[WhiteElo "2315"]
[BlackElo "2424"]
[PlyCount "116"]
[EventDate "2010.11.08"]
[EventType "swiss"]
[EventRounds "9"]
[EventCountry "ISR"]
[SourceTitle "EXT 2011"]
[Source "ChessBase"]
[SourceDate "2010.11.26"]
[SourceVersion "1"]
[SourceVersionDate "2010.11.26"]
[SourceQuality "1"]

1. e4 c5 2. Nf3 Nc6 3. d4 cxd4 4. Nxd4 Nf6 5. Nc3 e5 6. Ndb5 d6 7. Nd5 Nxd5 8. exd5 Nb8 9. c4 Be7 10. Bd3 0-0 11. 0-0 a6 12. Nc3 f5 13. f3 Nd7 14. Be3 Bg5 15. Bf2 Qf6 16. Qc2 Nc5 17. b4 Nxd3 18. Qxd3 a5 19. b5 Bd7 20. c5 dxc5 21. Bxc5 Rfc8 22. Be3 e4 23. Bxg5 exd3 24. Bxf6 gxf6 25. Na4 Rc2 26. Nb6 Rd8 27. a4 d2 28. Rad1 Be8 29. Rf2 Rd6 30. Rdxd2 Rxd2 31. Rxd2 Rxb6 32. Rc2 Rd6 33. Rc8 Kf8 34. Rb8 b6 35. Kf2 f4 36. g3 Ke7 37. gxf4 Bf7 38. Rb7+ Kf8 39. Rb8+ Kg7 40. Rb7 f5 41. Rc7 Kf6 42. Ke3 Bxd5 43. Rxh7 Kg6 44. Rh8 Bb3 45. h4 Bxa4 46. Rf8 Rd5 47. Rg8+ Kh7 48. Re8 Rxb5 49. Re6 Bb3 50. Re7+ Kg6 51. Kd4 a4 52. Ra7 Rd5+ 53. Kc3 b5 54. Kb4 Bc4 55. Ra8 Rd4 56. Rh8 Rxf4 57. h5+ Kg7 58. Rd8 Rxf3 0-1

[Event "ISR-ch"]
[Site "Haifa"]
[Date "2010.11.08"]
[Round "1.8"]
[White "Kataev, Simcho"]
[Black "Zaslavsky, Michael"]
[Result "1-0"]
[WhiteElo "2281"]
[BlackElo "2424"]
[PlyCount "83"]
[EventDate "2010.11.08"]
[EventType "swiss"]
[EventRounds "9"]
[EventCountry "ISR"]
[SourceTitle "EXT 2011"]
[Source "ChessBase"]
[SourceDate "2010.11.26"]
[SourceVersion "1"]
[SourceVersionDate "2010.11.26"]
[SourceQuality "1"]

1. Nf3 c5 2. b3 Nf6 3. Bb2 g6 4. Bxf6 exf6 5. c4 Bg7 6. Nc3 f5 7. g3 b5 8. Nxb5 Bxa1 9. Nd6+ Ke7 10. Nxc8+ Qxc8 11. Qxa1 Nc6 12. Bg2 f6 13. 0-0 Qc7 14. d4 d6 15. Rd1 Rad8 16. e3 Rhe8 17. Ne1 cxd4 18. Bxc6 Qxc6 19. Qxd4 Rd7 20. Nd3 Qe4 21. Qa1 g5 22. Nb4 Kf7 23. Nd5 Re6 24. Nc3 Qf3 25. Nb5 Re5 26. Nd4 Qe4 27. Qc3 f4 28. Nc2 fxg3 29. hxg3 Qg4 30. Rd4 Qh3 31. Qd3 h5 32. Qh7+ Kf8 33. Qh6+ Kf7 34. e4 h4 35. Ne3 Kg8 36. Nf5 Rxf5 37. Qg6+ Rg7 38. Qe8+ Kh7 39. Qh5+ Kg8 40. Rxd6 Rf7 41. Rd8+ Kg7 42. Qh8+ 1-0